Fisiología del gusto / (Record no. 185979)

MARC details
000 -LEADER
campo de control de longitud fija 00927nam a2200265 i 4500
001 - NÚMERO DE CONTROL
campo de control 185979
003 - IDENTIFICADOR DE NÚMERO DE CONTROL
campo de control SpMaBN
005 - FECHA Y HORA DE LA ÚLTIMA TRANSACCIÓN
campo de control 20250824204724.0
008 - DATOS DE LONGITUD FIJA--INFORMACIÓN GENERAL
campo de control de longitud fija 160831s1986 sp |||| |dspa d
020 ## - NÚMERO INTERNACIONAL ESTÁNDAR DEL LIBRO
Número Internacional Estándar del Libro 84-02-10762-1
080 ## - NÚMERO DE LA CLASIFICACIÓN DECIMAL UNIVERSAL
Número de la Clasificación Decimal Universal 641.5(089.3)
100 1# - ENTRADA PRINCIPAL--NOMBRE DE PERSONA
Nombre de persona Brillat-Savarin, Jean Anthelme,
Fechas asociadas al nombre 1755-1826
9 (RLIN) 31738
245 10 - MENCIÓN DEL TÍTULO
Título Fisiología del gusto /
Mención de responsabilidad, etc. Jean Anthelme Brillat-Savarin ; [traducción, Conde de Rodalquilar ; prólogo, Néstor Luján].
250 ## - MENCION DE EDICION
Mención de edición 1ª ed.
260 ## - PUBLICACIÓN, DISTRIBUCIÓN, ETC.
Lugar de publicación, distribución, etc. Barcelona :
Nombre del editor, distribuidor, etc. Bruguera,
Fecha de publicación, distribución, etc. 1986.
300 ## - DESCRIPCIÓN FÍSICA
Extensión 381 p. ;
Dimensiones 18 cm.
490 1# - MENCIÓN DE SERIE
Mención de serie Libro amigo ;
Designación de volumen o secuencia 1130
490 1# - MENCIÓN DE SERIE
Mención de serie Dolce vita ;
Designación de volumen o secuencia 1512
650 04 - PUNTO DE ACCESO ADICIONAL DE MATERIA--TÉRMINO DE MATERIA
Término de materia o nombre geográfico como elemento de entrada Gastronomía-
Subdivisión de forma Curiosidades
9 (RLIN) 13037
700 0# - ENTRADA AGREGADA--NOMBRE PERSONAL
Nombre de persona Luján, Néstor,
Fechas asociadas al nombre 1922-1995
9 (RLIN) 74707
830 00 - PUNTO DE ACCESO ADICIONAL DE SERIE-TÍTULO UNIFORME
Título uniforme Libro amigo (Bruguera)
Designación de volumen o secuencia 1130
9 (RLIN) 220624
830 0# - PUNTO DE ACCESO ADICIONAL DE SERIE-TÍTULO UNIFORME
Título uniforme Dolce vita ;
Designación de volumen o secuencia 1512
9 (RLIN) 225316
852 ## - LOCALIZACIÓN
Ubicación ES-MaACL
Número de control de estantería L-30591
Nota libre . - Donat. Miguel A. Velasco
Holdings
Estatus retirado Estado de pérdida Estado de daño No para préstamo Biblioteca de origen Biblioteca actual Ubicación en estantería Fecha de adquisición Fuente de adquisición Total de préstamos Signatura topográfica completa Código de barras Visto por última vez Precio de reemplazo Tipo de ítem Koha
        Biblioteca del Ateneo de Madrid Biblioteca del Ateneo de Madrid Depósito 2 31/08/2016     L-30591 1196067 23/02/2023 23/02/2023 Libro impreso